| 000 | 00748nam a22001937a 4500 | ||
|---|---|---|---|
| 008 | 130627t xxu||||| |||| 00| 0 eng d | ||
| 020 | _a978-2-8004-1400-3, | ||
| 020 | _a 978-2-7298-4166-9 | ||
| 040 |
_aBUAC _cCDIRSP |
||
| 041 | _aFr | ||
| 100 |
_aDEHON Cathérine, DROESBEKE Jean-Jacques, VERMANDELE Cathérine _924873 |
||
| 245 |
_aEléménts de statistique _c / Cathérine DEHON , Jean-Jacques DROESBEKE , Cathérine VERMANDELE |
||
| 250 |
_a5 è Ed. _bRevue et augmentée |
||
| 260 |
_aBruxelles,: _bEditions de l' Université de Bruxelles, _bEllipses, _c2008 |
||
| 300 | _a666 p. | ||
| 440 |
_a( Stastistique et mathématiques appliquées ) _924874 |
||
| 500 | _aCompr. Bibliogr., Index, Notifications et Abréviations | ||
| 942 | _cLIVR | ||
| 999 |
_c51606 _d51606 |
||